[Event "NOR-chT Clubs"]
[Site "Drammen"]
[Date "2022.05.26"]
[Round "6"]
[White "Damman, Odd Andre"]
[Black "Kristiansen, Jorgen"]
[Result "0-1"]
[WhiteElo "1280"]
[BlackElo "1663"]
[PlyCount "80"]
[EventDate "2022.05.26"]
[EventType "team-swiss"]
[EventRounds "6"]
[EventCountry "NOR"]
[SourceTitle "EXT 2024"]
[Source "ChessBase"]
[SourceDate "2023.10.10"]
[SourceVersion "1"]
[SourceVersionDate "2023.10.10"]
[SourceQuality "1"]
[WhiteTeam "Groruddalen"]
[BlackTeam "Oslo SS Bredde"]
[WhiteTeamCountry "NOR"]
[BlackTeamCountry "NOR"]

1. e4 c6 2. Nf3 d5 3. e5 Bg4 4. d4 e6 5. Be2 c5 6. c3 Nc6 7. Be3 cxd4 8. Bxd4 Nge7 9. h3 Bxf3 10. Bxf3 Nf5 11. 0-0 Nfxd4 12. cxd4 Qb6 13. Qa4 Qxb2 14. Na3 Qxa3 15. Qxa3 Bxa3 16. Rfd1 0-0 17. Rd3 Bb2 18. Rad1 Rac8 19. R1d2 Bxd4 20. Rxd4 Nxd4 21. Rxd4 Rc1+ 22. Kh2 Rfc8 23. Rd2 R8c2 24. Rxc2 Rxc2 25. Kg3 Rxa2 26. Bd1 Rd2 27. Ba4 a6 28. f3 b5 29. Bb3 a5 30. Bxd5 exd5 31. Kf4 Rxg2 32. Ke3 Rg3 33. h4 Rh3 34. Kd4 Rxh4+ 35. Kxd5 Rf4 36. Kc5 Rxf3 37. Kxb5 Re3 38. Kxa5 Rxe5+ 39. Kb4 f6 40. Kc4 Kf7 0-1